| 000 | 00403nam a22001217a 4500 | ||
|---|---|---|---|
| 999 |
_c533277 _d533277 |
||
| 008 | 260507b ||||| |||| 00| 0 eng d | ||
| 100 |
_aIrfan, Lubna _960426 |
||
| 245 | _aMapping memory and power: The Mughal necropolis of Nizamuddin Basti, Sixteenth Eighteenth centuries | ||
| 260 | _aSocial scientist | ||
| 300 | _a53(11-12), Nov-Dec, 2025: p.51-66 | ||
| 773 | _aSocial scientist | ||
| 942 | _cAR | ||